Marketing for tourism and hospitality : (Record no. 71)
[ view plain ]
| 000 -LEADER | |
|---|---|
| fixed length control field | 01063cam a2200337 a 4500 |
| 003 - CONTROL NUMBER IDENTIFIER | |
| control field | ALUPE UNIVERSITY |
| 005 - DATE AND TIME OF LATEST TRANSACTION | |
| control field | 20210602080249.0 |
| 008 - FIXED-LENGTH DATA ELEMENTS--GENERAL INFORMATION | |
| fixed length control field | 040114s2005 oncac 001 0 eng |
| 020 ## - INTERNATIONAL STANDARD BOOK NUMBER | |
| International Standard Book Number | 0176224688 (bound) : |
| 040 ## - CATALOGING SOURCE | |
| Transcribing agency | CaOONL |
| 043 ## - GEOGRAPHIC AREA CODE | |
| Geographic area code | n-cn--- |
| 055 02 - CLASSIFICATION NUMBERS ASSIGNED IN CANADA | |
| Classification number | G155* |
| 055 #3 - CLASSIFICATION NUMBERS ASSIGNED IN CANADA | |
| Classification number | G155 C2 |
| Item number | H82 2005 |
| 090 ## - LOCALLY ASSIGNED LC-TYPE CALL NUMBER (OCLC); LOCAL CALL NUMBER (RLIN) | |
| Classification number (OCLC) (R) ; Classification number, CALL (RLIN) (NR) | 338.47917 HUD |
| 100 1# - MAIN ENTRY--PERSONAL NAME | |
| Personal name | Hudson, Simon. |
| 245 10 - TITLE STATEMENT | |
| Title | Marketing for tourism and hospitality : |
| Remainder of title | a Canadian perspective / |
| Statement of responsibility, etc. | Simon Hudson. |
| 260 ## - PUBLICATION, DISTRIBUTION, ETC. | |
| Place of publication, distribution, etc. | Toronto : |
| Name of publisher, distributor, etc. | Nelson, |
| Date of publication, distribution, etc. | c2005. |
| 300 ## - PHYSICAL DESCRIPTION | |
| Extent | xxii, 442 pages : |
| Other physical details | illustrations, portraits ; |
| Dimensions | 26 cm. |
| 336 ## - CONTENT TYPE | |
| Content type term | text |
| Content type code | txt |
| Source | rdacontent |
| 337 ## - MEDIA TYPE | |
| Media type term | unmediated |
| Media type code | n |
| Source | rdamedia |
| 338 ## - CARRIER TYPE | |
| Carrier type term | volume |
| Carrier type code | nc |
| Source | rdacarrier |
| 504 ## - BIBLIOGRAPHY, ETC. NOTE | |
| Bibliography, etc. note | Includes bibliographical references and index. |
| 650 #0 - SUBJECT ADDED ENTRY--TOPICAL TERM | |
| Topical term or geographic name entry element | Hospitality industry |
| Geographic subdivision | Canada |
| General subdivision | Marketing. |
| 942 ## - ADDED ENTRY ELEMENTS (KOHA) | |
| Source of classification or shelving scheme | |
| Koha item type | Book |
| Suppress in OPAC | JO |
| 948 ## - LOCAL PROCESSING INFORMATION (OCLC); SERIES PART DESIGNATOR (RLIN) | |
| Series part designator, SPT (RLIN) | 21/01/2005 |
| b (OCLC) | 13/04/2005 |
| Withdrawn status | Lost status | Source of classification or shelving scheme | Damaged status | Not for loan | Permanent Location | Current Location | Shelving location | Date acquired | Total Checkouts | Full call number | Barcode | Date last seen | Price effective from | Koha item type | Public note |
|---|---|---|---|---|---|---|---|---|---|---|---|---|---|---|---|
| AU LIBRARY | AU LIBRARY | Open Shelf | 02.06.2021 | G155 .C2H82 2005 | 28002377 | 02.06.2021 | 02.06.2021 | Book | JO |